Starring Sally J. Freedman as herself / (Record no. 8552)

MARC details
000 -LEADER
fixed length control field 00947nam a22002897a 4500
001 - CONTROL NUMBER
control field 8552
003 - CONTROL NUMBER IDENTIFIER
control field FISKH
005 - DATE AND TIME OF LATEST TRANSACTION
control field 20250929142708.0
008 - FIXED-LENGTH DATA ELEMENTS--GENERAL INFORMATION
fixed length control field 250929b cb ||||| |||| 00| 0 eng d
020 ## - INTERNATIONAL STANDARD BOOK NUMBER
International Standard Book Number 0440482534
040 ## - CATALOGING SOURCE
Original cataloging agency FISKH
Language of cataloging Eng
Transcribing agency FISKH
Modifying agency FISKH
050 ## - LIBRARY OF CONGRESS CALL NUMBER
Classification number PZ7.B6265 S
082 ## - DEWEY DECIMAL CLASSIFICATION NUMBER
Classification number 813.54
100 ## - MAIN ENTRY--PERSONAL NAME
Personal name Blume,Judy
Dates associated with a name (1938-)
245 ## - TITLE STATEMENT
Title Starring Sally J. Freedman as herself /
Statement of responsibility, etc. By Judy Blume
250 ## - EDITION STATEMENT
Edition statement This edition first published at 1977
260 ## - PUBLICATION, DISTRIBUTION, ETC.
Place of publication, distribution, etc. New York :
Name of publisher, distributor, etc. A Dell Yearling Book,
Date of publication, distribution, etc. 1977
300 ## - PHYSICAL DESCRIPTION
Extent 298 pages :
Dimensions 20cm
505 ## - FORMATTED CONTENTS NOTE
Formatted contents note R<br/>
520 ## - SUMMARY, ETC.
Summary, etc. While spending the winter of 1947-48 in Miami Beach with her family, ten-year-old Sally makes up stories, casts herself in starring roles in movies, and encounters a sinister stranger.<br/>
521 8# - TARGET AUDIENCE NOTE
Target audience note 700<br/>
Source Lexile<br/>
521 8# - TARGET AUDIENCE NOTE
Target audience note R <br/>
Source Raz-Plus<br/>
650 ## - SUBJECT ADDED ENTRY--TOPICAL TERM
Source of heading or term Florida
Topical term or geographic name entry element WWII
650 ## - SUBJECT ADDED ENTRY--TOPICAL TERM
Source of heading or term Miami Beach
Topical term or geographic name entry element Family
942 ## - ADDED ENTRY ELEMENTS (KOHA)
Source of classification or shelving scheme Dewey Decimal Classification
Koha item type Books
Suppress in OPAC No
Holdings
Withdrawn status Lost status Source of classification or shelving scheme Damaged status Not for loan Collection Home library Current library Shelving location Date acquired Total Checkouts Full call number Barcode Date last seen Copy number Price effective from Koha item type
    Dewey Decimal Classification     Juvenile Fiction Footprints International School Library Network Toul Tom Poung Campus Footprints International School Library Network Toul Tom Poung Campus TTP Primary Orange Bookshelves 09/29/2025   BLU 813.54 PZ7.B6265 S FIS00716 09/29/2025 1 09/29/2025 Books